00377nam a2200157Ia 4500008004100000020001800041082001700059100001400076245002200090250000800112260002500120300001200145500002500157650001500182700002200197230524s9999 xx 000 0 und d a9780070583894 a621.382bSIN aM.D.Singh 0aPower Electronics a7TH aNEW DELHIbTMHc2005 aXV;1041 aQuantity Number: 44 aElectrical a K.B.Khanchanvari